Review of Public Personnel Administration

Detalles Bibliográficos
Formato: eBook
Lenguaje:inglés
Materias:
Acceso en línea:Acceso restringido

MARC

LEADER 00000nam a22000007a 4500
005 20211013223555.0
007 cr|||| ||||
008 211013c19809999us qr|w s|||| 0|||b1eng d
022 |a 0734-371X 
035 |a 33843 
040 |a vLex 
090 |c 12550  |d 12550 
245 0 0 |a Review of Public Personnel Administration  |h [Recurso electrn̤ico] / 
256 |a Servicio en ln̕ea 
300 |a 1 recurso electrn̤ico 
310 |a Trimestral 
362 |a Nð 1-1 (Sep. 1980) - 
506 1 |a Disponible solo en los productos indicados  |d vLex Global  |d vLex Global (Academic Edition, excluding Law Schools)  |d vLex Global (Academic Edition, Law Schools) 
650 0 4 |a Derecho Pb︢lico y Administrativo  |z Estados Unidos 
740 0 |a vLex Revistas (Servicio en ln̕ea) 
856 4 0 |u https://app.vlex.com/#/sources/33843  |z Acceso restringido 
942 |c REV 
999 0 |a Public and Administrative Law